000 00476nam a2200181Ia 4500
005 20250605121248.0
008 231207s9999 xx 000 0 und d
020 _a9780761834663
040 _cPK-LaNCA
082 _a701
_bSHA
100 _aSharma, B. R.
245 4 _aThe death of art
_cB. R. Sharma
260 _bUniversity Press of America
_aMaryland
_c2006
300 _axi, 93p
546 _aEnglish
650 _aArt(Philosophy), Art(Psychology)
942 _cM.PHIL.
999 _c26312
_d26312